| 000 | 00509nam a2200181 a 4500 | ||
|---|---|---|---|
| 005 | 20140310183345.0 | ||
| 008 | 070205s19uu xx 00 eng d | ||
| 020 | _a9810699549 | ||
| 050 |
_aRC 954 _b.T33 2006 |
||
| 100 | _aTabloski, Patricia A. | ||
| 245 | _aGerontological Nursing. | ||
| 260 |
_aJurong, Singapore : _bPearson Education South Asia Pte. Ltd, _c2006. |
||
| 300 |
_a862 p. : _bill. ; _c27 cm. |
||
| 521 | _aNUR | ||
| 650 |
_aGeriatric _xNursing. |
||
| 942 |
_cBK _2lcc _kFOR |
||
| 999 |
_c21919 _d21919 |
||